Ukraine Country Quiz - Statistics

General Stats
  • This quiz has been taken 47,977 times
    42,253 since last reset
  • The average score is 15 of 22
Answer Stats
Clue Answer % Correct
Capital city Kyiv
100%
Largest sea bordering Ukraine Black Sea
94%
Country that Ukraine was part of until 1991 Soviet Union
93%
Site of a 1986 nuclear accident Chernobyl
90%
Smallest (and poorest) country which borders Ukraine Moldova
89%
Peninsula seized by Russia in 2014 Crimea
88%
Dominant branch of Christianity Eastern Orthodox
83%
Alphabet used in Ukraine Cyrillic
77%
Millions died from this 1932 and 1933 The Holodomor (famine)
75%
Most-populous city on the above Odessa
71%
Larger ethnic group which Ukrainians are part of Slavs
71%
Former profession of current President Volodymyr Zelensky Comedian
70%
In 1992, Ukraine gave up its massive stockpile of these Nuclear Weapons
66%
Second most-populous city (starts with K) Kharkiv
64%
Ukrainian beet soup Borscht
62%
Longest river by length within Ukraine Dnieper
58%
Term for a Ukrainian province Oblast
58%
Sport in which brothers Wladimir and Vitali Klitschko were champions Boxing
55%
In 2014, Russian separatists shot down a plane from this airline {Malaysia} Airlines
51%
Mountain range passing through southwest Ukraine Carpathian
49%
Ethnic group of horsemen who once protected Russia's borders Cossack
38%
Protests that happened in 2004 after vote-rigging and the poisoning of a Presidential candidate {Orange} Revolution
37%
No matching quizzes found
Score Distribution
Percent of People with Each Score
Percentile by Number Answered
Your Score History
You have not taken this quiz since the last reset